000 01610cam a22004454i 4500
003 PE-LiUPU
005 20250731165412.0
008 151027s2009 pe grm 000 0 spa d
035 _a(Sirsi) a155070
040 _aPE-LiUPU
_bspa
_cPE-LiUPU
_erda
099 _aTNH 2
_bC23 2009
100 1 _aCcanahuire Curasi, Rómulo Hernán
_eautor
245 1 _aFactores socioeconómicos y dietarios en relación con el estado nutricional en niños del Centro Adventista de Prevención en Villa María del Triunfo, 2008 /
_cRómulo Hernán, Ccanahuire Curasi.
264 0 _c2009
300 _a89 hojas
_c30 cm
336 _atext
_2rdacontent
337 _aunmediated
_2rdamedia
338 _avolume
_2rdacarrier
502 _aTesis
_b(Lic.) --
_cUniversidad Peruana Unión,
_d2009.
504 _aIncluye referencias
520 3 _aEn la etapa escolar el crecimiento del niño es acelerado, la necesidad de nutrientes es elevado que muchas veces no puede ser cubierto con una alimentación adecuada, por pertenecer a familias numerosas y en extrema pobreza.
526 _aSEG44
526 _aSEG26
526 _aP151
526 _aP150
526 _aP149
526 _aP146
526 _aP145
526 _aP126
526 _aP125
526 _aP92
526 _aP75
526 _aP74
526 _aP27
526 _aP15
650 0 4 _aNiños
_xNutrición
_xAspectos socioeconómicos.
596 _a1
942 _2ddc
_cTESIS
999 _aTNH 2 C23 2009
_wALPHANUM
_c7761
_iT01101
_lCCODEBUL3
_mBUL
_r1
_sY
_tTESIS
_u2015-10-27
_xSALUD
_PP31
_o.STAFF. Tesis
_d7761
980 _81
_gALBERTO SANCHEZ Responsable de Automatización